Ekonomická efektívnosť vybraných poľnohospodárskych komodít

Analýza ekonomickej efektívnosti výroby vybraných rastlinných a živočíšnych komodít na Slovensku v časovom rade rokov 2007, 2009 and 2013 - 2016. Zo skupiny rastlinných komodít je v článku analyzovaná nákladovosť a rentabilita výroby jačmeňa a cukrovej repy. Komodity živočíšnej výroby v článku zastu...

Ausführliche Beschreibung

Gespeichert in:
Bibliographische Detailangaben
1. Verfasser: Trubačová, Anna
Format: Buchkapitel
Sprache:Slowakisch
Schlagworte:
Tags: Tag hinzufügen
Keine Tags, Fügen Sie das erste Tag hinzu!

MARC

LEADER 00000naa a2200000 4500
001 0249270
005 20220722101930.5
041 0 |a slo 
044 |a SK 
245 1 0 |a Ekonomická efektívnosť vybraných poľnohospodárskych komodít  |c Anna Trubačová 
520 |a Analýza ekonomickej efektívnosti výroby vybraných rastlinných a živočíšnych komodít na Slovensku v časovom rade rokov 2007, 2009 and 2013 - 2016. Zo skupiny rastlinných komodít je v článku analyzovaná nákladovosť a rentabilita výroby jačmeňa a cukrovej repy. Komodity živočíšnej výroby v článku zastupujú dojnice – mlieko a ošípané vo výkrme. 
610 2 0 |a komory hospodárske 
610 2 0 |a zisk 
610 2 0 |a náklady a ceny 
610 2 0 |a podpory 
610 2 0 |a Slovensko 
610 2 0 |a rentabilita 
610 2 0 |a obilniny 
100 1 |a Trubačová, Anna